Sports Quiz

Random Sports or Europe Quiz

European Soccer Teams 'C' Quiz Stats

 Plays Quiz not verified by Sporcle

Challenge
Share
Tweet
Embed
Score 0/18 Timer 03:00
0 Plays Today
% Correct
England
98.1%
Russia
98%
Italy
96.8%
Belgium
95.8%
Scotland
95.7%
Ireland
93.1%
Spain
92.9%
France
92.3%
Wales
89.1%
% Correct
Romania
78.7%
Czechia
71.3%
Ukraine
70.9%
Poland
69.1%
Portugal
67.4%
Germany
64.8%
Netherlands
63.8%
Sweden
62.8%
Serbia
61.5%

You're not logged in!

Compare scores with friends on all Sporcle quizzes.
OR
Log In

You Might Also Like...

Show Comments

Extras

Top Quizzes Today


Score Distribution

Your Account Isn't Verified!

In order to create a playlist on Sporcle, you need to verify the email address you used during registration. Go to your Sporcle Settings to finish the process.

Report this User

Report this user for behavior that violates our Community Guidelines.

Details: